000 00584nam a2200193Ia 4500
005 20250508164859.0
008 008 250505s9999 xx 000 0 hin d
037 _aDissertations
040 _aFEDL
_beng
_cFEDL
041 _ahin
_2eng
084 _a375.33, RAJ/DI
_qFEDL
100 _aRajveer Singh
245 0 _aUcchtar madhyamik ster per arthsastra ke naye va purane patthyakaram ka tulnatmak addhyan
260 _c2004
300 _a164p.
546 _aM. Ed. Dissertation (Delhi University)
942 _cDIS
_h375.33, RAJ/DI
999 _c1391770
_d1391770